| 000 | 00892nac a22002651i 4500 | ||
|---|---|---|---|
| 003 | EG-ScBUE | ||
| 005 | 20230711100657.0 | ||
| 008 | 230711s1991 enk f b 001 0 eng d | ||
| 020 | _a0333294971 | ||
| 020 | _a9780333294970 | ||
| 040 |
_aEG-ScBUE _beng _erda _cEG-ScBUE _dEG-ScBUE |
||
| 082 | 0 | 4 |
_a910.01 _bENT _222 |
| 100 | 1 |
_aEntrikin, J. Nicholas, _d1947- _eauthor. |
|
| 245 | 1 | 4 |
_aThe betweenness of place : _btowards a geography of modernity / _cJ. Nicholas Entrikin. |
| 264 | 1 |
_aHampshire ; _aLondon : _bMacmilian Education Ltd, _c1991. |
|
| 300 |
_axii, 196 pages ; _c23 cm. |
||
| 336 |
_2rdacontent _atext _btxt |
||
| 337 |
_2rdamedia _aunmediated _bn |
||
| 338 |
_2rdacarrier _avolume _bnc |
||
| 490 | 0 | _aCritical human geography | |
| 504 | _aIncludes bibliographical references and index. | ||
| 650 | 7 |
_aGeography _xPhilosophy. _2BUEsh |
|
| 655 | _vReading book | ||
| 942 |
_cBB _2ddc |
||
| 999 |
_c9755 _d9755 |
||